Decentralizácia verejnej správy projekt splnomocnenca vlády SR na roky 2003-2006 schválený vládou 14. mája
Reforma miestnej štátnej správy. Dôvody dezintegrácie miestnej štátnej správy. Model verejnej správy. Návrh usporiadania miestnej štátnej správy. Racionalizácia v rámci nového usporiadania miestnej štátnej správy.
Saved in:
| Format: | Book Chapter |
|---|---|
| Language: | Slovak |
| Subjects: | |
| Tags: |
No Tags, Be the first to tag this record!
|
MARC
| LEADER | 00000naa a2200000 4500 | ||
|---|---|---|---|
| 001 | r049280 | ||
| 005 | 20230927091905.2 | ||
| 041 | 0 | |a slo | |
| 044 | |a SK | ||
| 245 | 1 | 0 | |a Decentralizácia verejnej správy |b projekt splnomocnenca vlády SR na roky 2003-2006 schválený vládou 14. mája |
| 520 | |a Reforma miestnej štátnej správy. Dôvody dezintegrácie miestnej štátnej správy. Model verejnej správy. Návrh usporiadania miestnej štátnej správy. Racionalizácia v rámci nového usporiadania miestnej štátnej správy. | ||
| 610 | 2 | 0 | |a správa štátna |
| 610 | 2 | 0 | |a správa miestna |
| 610 | 2 | 0 | |a dezintegrácia |
| 610 | 2 | 0 | |a správa verejná |
| 610 | 2 | 0 | |a modely |
| 610 | 2 | 0 | |a usporiadanie správne |
| 610 | 2 | 0 | |a racionalizácia |
| 610 | 2 | 0 | |a reformy |